000 00438nam a22001577a 4500
003 SGT
020 _a9789351434627
082 _a345.095 405,SAR
100 _aSARKAR,S.C.
245 _aTHE CODE OF CRIMINAL PROCEDURE
_bAN ENCYCLOPAEDIC COMMENTARY ON THE CODE OF CRIMINAL PROCEDURE,1973
250 _a11TH
260 _aGURGAON
_bLEXIS NEXIS
_c2015
300 _a2829+154
650 _aTHE CODE OF CRIMINAL PROCEDURE
942 _2ddc
_cBK
999 _c15155
_d15155